00971nam a2200265Ia 450000500170000000800390001702000190005610000260007524500770010125000390017830000410021749000510025850000340030965000350034365000390037865000370041765000440045470000240049826400490052233600270057133700330059833800280063104000350065908400110069420220317001049.0160825s2006 mx a g 000 0 spa a978968164860121 aMolina, Aliciad1945-13aEl zurcidor del tiempocAlicia Molina ; ilustrado por Enrique Martínez a1a. edición b7a. reimpresión  a60 páginas bilustaciones c19 cm  aA la orilla del vientoppara los que leen bien aDatos biográficos del autor142LEMBaNovela juvenil mexicana 142LEMBaLiteratura juvenil mexicana 142LEMB aNiños en la literatura 142LEMB aSuperstición en la literatura 1 aMartínez, Enrique aMéxicobFondo de Cultura Económicac2006 atextobtxt2rdacontent asin mediaciónbn2rdamedia avolumenbnc2rdacarrier aCO-BoRNBPbspaerdacCO-BoRNBP aN MOL3